Quizzes
Events
Quiz Creation
Community
Videos
Private Events
Remove Ads
Sign In
Join for FREE
Feedback
Dark Mode
Quiz Categories
Sports
Geography
Music
Movies
Television
Just For Fun
Miscellaneous
History
Literature
Language
Science
Gaming
Entertainment
Religion
Holiday
For Kids
Quiz Lab
Recent
Popular Today
Quiz Kudos Today
Editor Picks
Curator Picks
Quizzes by...
Day
Popularity
Type
Ratings
Length
Year
Community
Subscriptions
Recent Discussions
Orange Saloon
Badges
Playlists
Quests
Create
Leaderboards
Showdown
Live 5
Trivia Bingo
Activity
Puzzle Library
Sporcle Events
Private Events
Virtual Trivia
Globe League
Become a Host
Pub Owners
SporcleCon
Opinionation
Our Games
Videos
Blog
Mobile Apps
Partnerships
Remove Ads and Go Orange
Feedback
Sports
Athletes
MLB
NBA
NHL
NFL
Soccer
Sports Teams
WWE
NCAA
Football
Premier League
Basketball
Baseball
Hockey
Golf
Tennis
Cricket
Rugby
Auto Racing
Olympics
World Cup
Sports
Athletes
MLB
NBA
NHL
NFL
Soccer
Sports Teams
WWE
NCAA
Football
Premier League
Basketball
Baseball
Hockey
Golf
Tennis
Cricket
Rugby
Auto Racing
Olympics
World Cup
Random Quiz
Search Sporcle
×
Quiz Lab
Quiz Lab
Sports
Tennis
Type in answers that appear in a list
Type in answers that appear in a list
Classic
Best Score? Go Orange.
Women's Tennis Grand Slam Winners (Open Era) Stats
Can you name the Women's Tennis Grand Slam Winners of the Open Era?
By
garrettfriedrich
10m
223 Questions
10.5K Plays
10,526 Plays
10,526 Plays
Comments
Comments
Give Quiz Kudos
Give Quiz Kudos
-
- Ratings
hide this ad
Replay
Link that replays current quiz
Next Quiz
Link to next quiz in quiz playlist
You Got
0%
They Got
Avg Score
83%
Avg Friend Score
Upgrade to see
Score Distribution
Jump to the score distribution portion of the page
Score
0/223
Timer
10:00
1
Play Today
Slam
Player
% Correct
Wimbledon (Women)
No Competition
100%
Australian Open (Women)
No Competition
100%
Australian Open (Women)
Serena Williams
97.9%
Australian Open (Women)
Serena Williams
97.9%
Australian Open (Women)
Serena Williams
97.9%
Australian Open (Women)
Serena Williams
97.9%
Australian Open (Women)
Serena Williams
97.9%
Australian Open (Women)
Serena Williams
97.9%
French Open (Women)
Serena Williams
97.9%
French Open (Women)
Serena Williams
97.9%
French Open (Women)
Serena Williams
97.9%
Wimbledon (Women)
Serena Williams
97.9%
Wimbledon (Women)
Serena Williams
97.9%
Wimbledon (Women)
Serena Williams
97.9%
Wimbledon (Women)
Serena Williams
97.9%
Wimbledon (Women)
Serena Williams
97.9%
Wimbledon (Women)
Serena Williams
97.9%
U.S. Open (Women)
Serena Williams
97.9%
U.S. Open (Women)
Serena Williams
97.9%
U.S. Open (Women)
Serena Williams
97.9%
U.S. Open (Women)
Serena Williams
97.9%
U.S. Open (Women)
Serena Williams
97.9%
U.S. Open (Women)
Serena Williams
97.9%
Wimbledon (Women)
Serena Williams
97.9%
Australian Open (Women)
Serena Williams
97.9%
Wimbledon (Women)
Venus Williams
97.9%
Wimbledon (Women)
Venus Williams
97.9%
Wimbledon (Women)
Venus Williams
97.9%
Wimbledon (Women)
Venus Williams
97.9%
Wimbledon (Women)
Venus Williams
97.9%
U.S. Open (Women)
Venus Williams
97.9%
U.S. Open (Women)
Venus Williams
97.9%
Australian Open (Women)
Li Na
96.3%
French Open (Women)
Li Na
96.3%
Australian Open (Women)
Steffi Graf
95.8%
Australian Open (Women)
Steffi Graf
95.8%
Australian Open (Women)
Steffi Graf
95.8%
Australian Open (Women)
Steffi Graf
95.8%
French Open (Women)
Steffi Graf
95.8%
French Open (Women)
Steffi Graf
95.8%
French Open (Women)
Steffi Graf
95.8%
French Open (Women)
Steffi Graf
95.8%
French Open (Women)
Steffi Graf
95.8%
French Open (Women)
Steffi Graf
95.8%
Wimbledon (Women)
Steffi Graf
95.8%
Wimbledon (Women)
Steffi Graf
95.8%
Wimbledon (Women)
Steffi Graf
95.8%
Wimbledon (Women)
Steffi Graf
95.8%
Wimbledon (Women)
Steffi Graf
95.8%
Wimbledon (Women)
Steffi Graf
95.8%
Wimbledon (Women)
Steffi Graf
95.8%
U.S. Open (Women)
Steffi Graf
95.8%
U.S. Open (Women)
Steffi Graf
95.8%
U.S. Open (Women)
Steffi Graf
95.8%
U.S. Open (Women)
Steffi Graf
95.8%
U.S. Open (Women)
Steffi Graf
95.8%
Australian Open (Women)
Martina Navratilova
95.2%
Australian Open (Women)
Martina Navratilova
95.2%
Australian Open (Women)
Martina Navratilova
95.2%
French Open (Women)
Martina Navratilova
95.2%
French Open (Women)
Martina Navratilova
95.2%
Wimbledon (Women)
Martina Navratilova
95.2%
Wimbledon (Women)
Martina Navratilova
95.2%
Wimbledon (Women)
Martina Navratilova
95.2%
Wimbledon (Women)
Martina Navratilova
95.2%
Wimbledon (Women)
Martina Navratilova
95.2%
Wimbledon (Women)
Martina Navratilova
95.2%
Wimbledon (Women)
Martina Navratilova
95.2%
Wimbledon (Women)
Martina Navratilova
95.2%
Wimbledon (Women)
Martina Navratilova
95.2%
U.S. Open (Women)
Martina Navratilova
95.2%
U.S. Open (Women)
Martina Navratilova
95.2%
U.S. Open (Women)
Martina Navratilova
95.2%
U.S. Open (Women)
Martina Navratilova
95.2%
Australian Open (Women)
Maria Sharapova
93.6%
Slam
Player
% Correct
French Open (Women)
Maria Sharapova
93.6%
French Open (Women)
Maria Sharapova
93.6%
Wimbledon (Women)
Maria Sharapova
93.6%
U.S. Open (Women)
Maria Sharapova
93.6%
French Open (Women)
Iga Świątek
91.4%
U.S. Open (Women)
Iga Świątek
91.4%
Australian Open (Women)
Justine Henin
91.3%
French Open (Women)
Justine Henin
91.3%
French Open (Women)
Justine Henin
91.3%
French Open (Women)
Justine Henin
91.3%
French Open (Women)
Justine Henin
91.3%
U.S. Open (Women)
Justine Henin
91.3%
U.S. Open (Women)
Justine Henin
91.3%
Australian Open (Women)
Monica Seles
91.3%
Australian Open (Women)
Monica Seles
91.3%
Australian Open (Women)
Monica Seles
91.3%
Australian Open (Women)
Monica Seles
91.3%
French Open (Women)
Monica Seles
91.3%
French Open (Women)
Monica Seles
91.3%
French Open (Women)
Monica Seles
91.3%
U.S. Open (Women)
Monica Seles
91.3%
U.S. Open (Women)
Monica Seles
91.3%
Australian Open (Women)
Chris Evert
91%
Australian Open (Women)
Chris Evert
91%
French Open (Women)
Chris Evert
91%
French Open (Women)
Chris Evert
91%
French Open (Women)
Chris Evert
91%
French Open (Women)
Chris Evert
91%
French Open (Women)
Chris Evert
91%
French Open (Women)
Chris Evert
91%
French Open (Women)
Chris Evert
91%
Wimbledon (Women)
Chris Evert
91%
Wimbledon (Women)
Chris Evert
91%
Wimbledon (Women)
Chris Evert
91%
U.S. Open (Women)
Chris Evert
91%
U.S. Open (Women)
Chris Evert
91%
U.S. Open (Women)
Chris Evert
91%
U.S. Open (Women)
Chris Evert
91%
U.S. Open (Women)
Chris Evert
91%
U.S. Open (Women)
Chris Evert
91%
Australian Open (Women)
Martina Hingis
90.5%
Australian Open (Women)
Martina Hingis
90.5%
Australian Open (Women)
Martina Hingis
90.5%
Wimbledon (Women)
Martina Hingis
90.5%
U.S. Open (Women)
Martina Hingis
90.5%
Australian Open (Women)
Margaret Court
90.4%
Australian Open (Women)
Margaret Court
90.4%
Australian Open (Women)
Margaret Court
90.4%
Australian Open (Women)
Margaret Court
90.4%
French Open (Women)
Margaret Court
90.4%
French Open (Women)
Margaret Court
90.4%
French Open (Women)
Margaret Court
90.4%
Wimbledon (Women)
Margaret Court
90.4%
U.S. Open (Women)
Margaret Court
90.4%
U.S. Open (Women)
Margaret Court
90.4%
U.S. Open (Women)
Margaret Court
90.4%
U.S. Open (Women)
Naomi Osaka
89.5%
Australian Open (Women)
Naomi Osaka
89.3%
U.S. Open (Women)
Naomi Osaka
89.3%
Australian Open (Women)
Naomi Osaka
89.3%
French Open (Women)
Billie Jean King
88.9%
Wimbledon (Women)
Billie Jean King
88.9%
Wimbledon (Women)
Billie Jean King
88.9%
Wimbledon (Women)
Billie Jean King
88.9%
Wimbledon (Women)
Billie Jean King
88.9%
U.S. Open (Women)
Billie Jean King
88.9%
U.S. Open (Women)
Billie Jean King
88.9%
U.S. Open (Women)
Billie Jean King
88.9%
Australian Open (Women)
Kim Clijsters
88.6%
U.S. Open (Women)
Kim Clijsters
88.6%
U.S. Open (Women)
Kim Clijsters
88.6%
U.S. Open (Women)
Kim Clijsters
88.6%
Australian Open (Women)
Lindsay Davenport
88%
Wimbledon (Women)
Lindsay Davenport
88%
U.S. Open (Women)
Lindsay Davenport
88%
Slam
Player
% Correct
Wimbledon (Women)
Ashleigh Barty
87.9%
Australian Open (Women)
Ashleigh Barty
87.9%
French Open (Women)
Iga Świątek
87.5%
Wimbledon (Women)
Angelique Kerber
86.2%
Australian Open (Women)
Angelique Kerber
86.1%
U.S. Open (Women)
Angelique Kerber
86.1%
Wimbledon (Women)
Simona Halep
85.5%
French Open (Women)
Simona Halep
85.5%
Australian Open (Women)
Aryna Sabalenka
84.8%
French Open (Women)
Ashleigh Barty
84.8%
U.S. Open (Women)
Emma Raducanu
83.7%
Wimbledon (Women)
Petra Kvitová
83.5%
Wimbledon (Women)
Petra Kvitová
83.5%
Wimbledon (Women)
Amélie Mauresmo
83.5%
Australian Open (Women)
Amélie Mauresmo
83.3%
French Open (Women)
Garbiñe Muguruza
82.8%
Wimbledon (Women)
Garbiñe Muguruza
82.8%
Australian Open (Women)
Victoria Azarenka
82.3%
Australian Open (Women)
Victoria Azarenka
82.3%
Australian Open (Women)
Jennifer Capriati
81.8%
Australian Open (Women)
Jennifer Capriati
81.8%
French Open (Women)
Jennifer Capriati
81.8%
Wimbledon (Women)
Elena Rybakina
81.7%
Wimbledon (Women)
Marion Bartoli
81.6%
Australian Open (Women)
Caroline Wozniacki
81.4%
French Open (Women)
Iga Świątek
81.3%
Australian Open (Women)
Evonne Goolagong Cawley
80.3%
Australian Open (Women)
Evonne Goolagong Cawley
80.3%
Australian Open (Women)
Evonne Goolagong Cawley
80.3%
French Open (Women)
Evonne Goolagong Cawley
80.3%
Wimbledon (Women)
Evonne Goolagong Cawley
80.3%
Wimbledon (Women)
Evonne Goolagong Cawley
80.3%
Australian Open (Women)
Evonne Goolagong Cawley
80.2%
U.S. Open (Women)
Sloane Stephens
80%
French Open (Women)
Arantxa Sánchez Vicario
77.2%
French Open (Women)
Arantxa Sánchez Vicario
77.2%
French Open (Women)
Arantxa Sánchez Vicario
77.2%
U.S. Open (Women)
Arantxa Sánchez Vicario
77.2%
French Open (Women)
Ana Ivanovic
76.5%
Wimbledon (Women)
Markéta Vondroušová
76.3%
French Open (Women)
Jeļena Ostapenko
76.1%
Australian Open (Women)
Mary Pierce
76%
French Open (Women)
Mary Pierce
76%
Australian Open (Women)
Virginia Wade
74.2%
Wimbledon (Women)
Virginia Wade
74.2%
U.S. Open (Women)
Virginia Wade
74.2%
French Open (Women)
Svetlana Kuznetsova
74.2%
U.S. Open (Women)
Svetlana Kuznetsova
74.2%
Wimbledon (Women)
Jana Novotná
73.6%
U.S. Open (Women)
Bianca Andreescu
73.1%
U.S. Open (Women)
Gabriela Sabatini
72.8%
Wimbledon (Women)
Conchita Martínez
72.6%
Australian Open (Women)
Sofia Kenin
72.4%
U.S. Open (Women)
Samantha Stosur
71.9%
U.S. Open (Women)
Tracy Austin
71.7%
U.S. Open (Women)
Tracy Austin
71.7%
U.S. Open (Women)
Flavia Pennetta
71.7%
French Open (Women)
Francesca Schiavone
69.7%
Australian Open (Women)
Hana Mandlíková
68.2%
Australian Open (Women)
Hana Mandlíková
68.2%
French Open (Women)
Hana Mandlíková
68.2%
U.S. Open (Women)
Hana Mandlíková
68.2%
French Open (Women)
Barbora Krejčíková
64.3%
French Open (Women)
Anastasia Myskina
63.6%
French Open (Women)
Iva Majoli
60.2%
French Open (Women)
Sue Barker
59.5%
Wimbledon (Women)
Ann Haydon-Jones
57.5%
Australian Open (Women)
Barbara Jordan
46.7%
French Open (Women)
Virginia Ruzici
46.5%
Australian Open (Women)
Chris O'Neil
45.8%
French Open (Women)
Nancy Richey
43.7%
Australian Open (Women)
Kerry Melville Reid
43.4%
French Open (Women)
Mima Jaušovec
43.2%
Quiz Playlist
Details
Report
Send in Message
Add To Playlist
Classic:
Type in answers that appear in a list
Last Updated: Jul 13, 2019
Quiz Scoreboard
CHALLENGE
Sign Up to Join the Scoreboard
Show All
Scores
Hide
Comments
May contain spoilers
Recently Published
Presidents Visiting Landmarks
by Hejman
History
7m
An Introduction to Baseball
by treessimontrees
Sports
5m
Movies - When Are They Set?
by FPL_Elf
Movies
5m
More to Explore
Quiz From the Vault
Featured Blog Post
Where Did the Easter Bunny Come From?
hide this ad
You Might Also Like...
Tags
Tennis Quiz
Australian Open
Era
French Open
grand
Grand Slam
open
slam
US Open
Wimbledon
Women's Tennis
Today's Top Quizzes in Sports
Browse Sports
hide this ad
Today's Top Quizzes in Tennis
Browse Tennis
Top Contributed Quizzes in Sports
1
Les meilleurs buteurs des matchs entre le PSG et l’OM
2
2022 World Cup Stars
3
FIFA Club World Cup Champions
4
Les entraîneurs de l'OM et du PSG au 21e siècle
5
Name the Premier League winners with different clubs
6
5-to-1: UK Sports Teams
7
La finale Lions - Afrique du Sud 2021
8
Criteria MLB: Left Handed Sluggers
9
AFC Teams Reveal (Wrong Answers Minefield)
10
England Test cricketers to play under Nasser Hussain
Explore More
Trending Topics
Disney
Kpop
Harry Potter
Marvel
Crossword
Anime
NBA
NFL
Pokémon
The Office
WWE
Song
Soccer
Puzzle
Country
hide this ad
More By:
garrettfriedrich
Quiz
Plays
Rating
Category
Featured
Created
Men's Tennis Grand Slam Winners (Open Era)
16,795
4.90
Sports
Sep 16, 2015
Women's Tennis Grand Slam Winners (Open Era)
10,526
4.80
Sports
Sep 16, 2015
Roger Federer Grand Slam Championship Opponents
8,582
4.70
Sports
Jul 16, 2017
Serena Williams Grand Slam Championship Opponents
5,695
4.53
Sports
Jan 27, 2017
Novak Djokovic Grand Slam Championship Opponents
224
5.00
Sports
Jun 26, 2021
Go to Creator's Profile
Score Distribution
Quiz Creator Spotlight
garrettfriedrich
Follow
Send a Message
Quizzes Created
-
Created Quiz Play Count
-
More By This Creator
Popular Quizzes Today
1
Find the US States - No Outlines Minefield
2
Find the Countries of Europe - No Outlines Minefield
3
The Countries of the World
4
Find the US States
5
Popular People in 1961
6
US States
7
Risky Map Clicking: Biggest States A-Z
8
Movies - When Are They Set?
More Sports Quizzes
Top 100 MLB Players 2020 (MLB Network)
Quiz Lab
Trending Quizzes
Risky Map Clicking: Least Populous States A-Z
1-10 Letter G Words
1-10 Letter F Words
Risky Map Clicking: Next State Alphabetically
Risky Map Clicking: Biggest States A-Z
Recently Updated
Leaping Animals
pecheneg
Reality TV Shows (A-Z)
bhenderson79
Rickey Henderson's Hall of Fame Teammates
pecheneg
Champions League XIs: Arsenal
pecheneg
Quick Pick: Celebrities in WWE's Hall of Fame
aduchscher
A-Z Keypad Blitz II
pecheneg
Multiple Oscar Actors
pecheneg
Mystery Phrase Blitz: Oscar 'Best Actors'
pecheneg
F. Scott Fitzgerald Novels
LTH
Pick 3 Villains
ddd62291
Trending Topics
Kpop
Anime
Harry Potter
Disney
Crossword
NBA
Marvel
Puzzle
NFL
Pokémon
Song
The Office
WWE
Country
Soccer
Your Account Isn't Verified!
In order to create a playlist on Sporcle, you need to verify the email address you used during registration. Go to your
Sporcle Settings
to finish the process.
Report this User
Report this user for behavior that violates our
Community Guidelines
.
Details:
Send Report
Go to the Sporcle.com Mobile Site →
Comments